Dragon ball transformations - Statistics

General Stats
  • This quiz has been taken 351 times
  • The average score is 10 of 15
Answer Stats
Hint Answer % Correct
Go with your favourite colours this may be one of them...(boy) Super saiyan... Blue
95%
A divine being that people believe in called... Super saiyan... God
95%
Go with numbers Super saiyan... three
82%
Go with numbers Super saiyan... two
82%
Go with numbers Super saiyan... four
81%
Go with numbers Super saiyan... one
81%
Go with numbers Super saiyan... five
78%
Go with your favourite colours this may be one of them its also a flower... (girl) Super saiyan... Rose
73%
A technique that any race in the dragon ball multiverse can posses as long as their power is high enough and they can let their body control itself WITHOUT full mastery. Ultra instinct
73%
A feeling that we feel when we are extremely angry... Super saiyan... Rage
65%
A technique that any race in the dragon ball multiverse can posses as long as their power is high enough and they can let their body control itself WITH full mastery. Mastered ultra instinct
48%
A technique created by king kai that is stacked onto the favourite colour saiyan (boy) Blue kaioken
45%
An evolution of one of these transformations above... Super saiyan ____ _________ Blue evolution
43%
A technique created by king kai that is stacked onto super saiyan also called _____ _______ Super kaioken
24%
A form that is used by the gods of destruction with a purple aura that is extremly powerful. God of destruction form
6%
No matching quizzes found
Score Distribution
Percent of People with Each Score
Percentile by Number Answered
Your Score History
You have not taken this quiz